Les services de me_diation communautaires : propositions pour agir = Community mediation services : proposals for action / Salvador Puntes, Maria Munne_ propositions pour agir = Community mediation services :
Descripción Física:
48, 52 p. ; 30 cm
MARC
| LEADER | 00000nam a2200000Ia 4500 | ||
|---|---|---|---|
| 001 | 24235 | ||
| 003 | BGR | ||
| 005 | 20260324180618.0 | ||
| 008 | 160829s9999 xx 000 0 cat d | ||
| 080 | |a Bib-198 | ||
| 100 | |a Puntes, Salvador |9 50086 | ||
| 245 | |a Les services de me_diation communautaires : |b propositions pour agir = Community mediation services : |b proposals for action / Salvador Puntes, Maria Munne_ | ||
| 260 | |a [Sion] : |b IUKB Institut universitaire Kurt Bo_sch, [2005?] | ||
| 300 | |a 48, 52 p. ; |c 30 cm | ||
| 590 | |a Text en anglès i francès. | ||
| 590 | |a En la coberta: Diputació de Barcelona | ||
| 650 | 0 | |a Mediació |9 32701 | |
| 650 | |a Participació comunitària |9 50087 | ||
| 710 | 1 | |a Barcelona (Catalunya : Província). |b Diputació |9 52408 | |
| 710 | 2 | |a Institut Universitaire Kurt Bösch |9 71136 | |
| 901 | |a Arxiu | ||
| 942 | |n 1 |2 udc |c MON | ||
| 952 | |0 0 |1 0 |4 0 |6 BIB198 |7 1 |9 55775 |a Arxiu |b Arxiu |d 2016-12-01 |l 0 |o Bib-198 |p 24235 |r 2016-12-01 00:00:00 |w 2016-12-01 |y ARXIU | ||
| 999 | |c 59648 |d 59648 | ||